Welcome to CU Library Online Public Access Catalogue (OPAC)

Investigations in Environmental Geology/ (Record no. 1948)

MARC details
000 -LEADER
fixed length control field 00595nam a22001817a 4500
005 - DATE AND TIME OF LATEST TRANSACTION
control field 20241203135102.0
008 - FIXED-LENGTH DATA ELEMENTS--GENERAL INFORMATION
fixed length control field 241203b |||||||| |||| 00| 0 eng d
020 ## - INTERNATIONAL STANDARD BOOK NUMBER
International Standard Book Number 9780131420649
050 ## - LIBRARY OF CONGRESS CALL NUMBER
Classification number QE38
Item number .F66
100 ## - MAIN ENTRY--PERSONAL NAME
Personal name Foley, Duncan
245 ## - TITLE STATEMENT
Title Investigations in Environmental Geology/
Statement of responsibility, etc. Duncan Foley, Garry D. McKenzie & Russell O. Utgard
250 ## - EDITION STATEMENT
Edition statement 3rd ed.
260 ## - PUBLICATION, DISTRIBUTION, ETC.
Place of publication, distribution, etc. Upper Saddle River, New Jersey
Name of publisher, distributor, etc. Pearson Prentice Hall
Date of publication, distribution, etc. 2009
300 ## - PHYSICAL DESCRIPTION
Extent vii.288p.
Other physical details ill. maps. some color
Dimensions 27.5cm
700 ## - ADDED ENTRY--PERSONAL NAME
Personal name McKenzie, Garry D.
700 ## - ADDED ENTRY--PERSONAL NAME
Personal name Utgard, Russell O.
942 ## - ADDED ENTRY ELEMENTS (KOHA)
Source of classification or shelving scheme Library of Congress Classification
Koha item type Books
Edition 3rd ed.
Suppress in OPAC No
999 ## -
-- 1948
-- 1948
Holdings
Withdrawn status Lost status Source of classification or shelving scheme Damaged status Not for loan Collection Home library Current library Shelving location Date acquired Total checkouts Full call number Barcode Date last seen Copy number Price effective from Koha item type
    Library of Congress Classification     Non-fiction Science Library (Miotso) Science Library (Miotso) General stacks 12/03/2024   QE38 .F66 FOL SLM00001147 12/03/2024 1 12/03/2024 Books
© 2023-2024 Copyright: Central University Libraries. All Rights Reserved | Created by: Mahone Tech Office